VECTAR CALCULUS (BA/ B. Sc.-1) (Record no. 10089)

MARC details
000 -LEADER
fixed length control field 00241nam a22001097a 4500
003 - CONTROL NUMBER IDENTIFIER
control field SGT
100 ## - MAIN ENTRY--PERSONAL NAME
Personal name KUNDRA, S.K.
245 ## - TITLE STATEMENT
Title VECTAR CALCULUS (BA/ B. Sc.-1)
260 ## - PUBLICATION, DISTRIBUTION, ETC. (IMPRINT)
Place of publication, distribution, etc NEW DELHI
Name of publisher, distributor, etc JEEVANSONS
Year of Publication 2016
300 ## - PAGE DESCRIPTION
No. of Pages V.P.
942 ## - ADDED ENTRY ELEMENTS (KOHA)
Source of classification or shelving scheme Dewey Decimal Classification
Koha item type FPS Books
942 ## - ADDED ENTRY ELEMENTS (KOHA)
-- 16
Holdings
Withdrawn status Lost status Source of classification or shelving scheme Damaged status Not for loan Collection code Home library Current library Shelving location Date acquired Vendor Name Cost, normal purchase price SGTU Bill Number Total Checkouts Accession No. (Barcode) Date last seen Date last borrowed Bill Date Koha item type Checked out
    Dewey Decimal Classification     SCIENCE SGT Science & Social Sciences Library SGT Science & Social Sciences Library Text Book 01/12/2016 UNIVERSAL BOOK STALL 165.00 SGTU 337 13 PS2974 27/06/2022 23/06/2022 20/10/2016 FPS Books  
    Dewey Decimal Classification     SCIENCE SGT Science & Social Sciences Library SGT Science & Social Sciences Library Text Book 01/12/2016 UNIVERSAL BOOK STALL 165.00 SGTU 337 17 PS2975 23/07/2022 02/07/2022 20/10/2016 FPS Books  
    Dewey Decimal Classification     SCIENCE SGT Science & Social Sciences Library SGT Science & Social Sciences Library Text Book 01/12/2016 UNIVERSAL BOOK STALL 165.00 SGTU 337 22 PS2976 24/09/2025 24/09/2025 20/10/2016 FPS Books 23/11/2025
    Dewey Decimal Classification     SCIENCE SGT Science & Social Sciences Library SGT Science & Social Sciences Library Text Book 01/12/2016 UNIVERSAL BOOK STALL 165.00 SGTU 337 7 PS2977 24/01/2018 20/12/2017 20/10/2016 FPS Books  
    Dewey Decimal Classification     SCIENCE SGT Science & Social Sciences Library SGT Science & Social Sciences Library Text Book 01/12/2016 UNIVERSAL BOOK STALL 165.00 SGTU 337 19 PS2978 29/04/2025 21/04/2025 20/10/2016 FPS Books